Politická sociologie politika a identita v proměnách modernity

Saved in:
Bibliographic Details
Main Author: Müller, Karel B.
Format: Book
Language:Czech
Published: Praha Portál 2008
Subjects:
Tags: Add Tag
No Tags, Be the first to tag this record!

MARC

LEADER 00000nam$a2200000$$$4500
001 0096674
005 20240313090250.6
020 |a 978-80-7367-380-2 
041 0 |a cze 
044 |a CZ 
245 1 0 |a Politická sociologie  |b politika a identita v proměnách modernity  |c Karel B. Müller 
264 1 |a Praha  |b Portál  |c 2008 
300 |a 215 s. 
610 2 0 |a sociológia 
610 2 0 |a politika 
610 2 0 |a vedy spoločenské 
610 2 0 |a metodológia 
610 2 0 |a modernizmus 
610 2 0 |a modernizácia 
610 2 0 |a spoločnosť občianska 
610 2 0 |a demokracia 
610 2 0 |a štúdie 
610 2 0 |a Česko 
100 1 |a Müller, Karel B.